000 00721cam a2200193 4500
001 WB3639-07
008 000000n2000 000 0 eng u
035 _a(Sirsi) u108606
245 _aAccess to historic houses under scrutiny
260 _c2000
490 _aSunday Telegraph
_v 1 October 2000, 12(1)
520 _aHistoric houses that have benefited from grants of thousands of pounds are to be visited by English Heritage undercover investigators to ensure they are opening their doors to the public.
590 _aWB
650 _aHISTORIC HOUSES
650 _aENGLISH HERITAGE
650 _aGRANTS
690 _aBUILT ENVIRONMENT-BUILDING MAINTENANCE AND REFURBISHMENT-BUILDING CONSERVATION
942 _n0
999 _c64834
_d64834